Định vị không điểm của các đa thức phức : Luận văn Thạc sĩ Toán học /

Guardado en:
Detalles Bibliográficos
Autor principal: Nguyễn Thị Phượng.
Otros Autores: Đỗ Nguyên Sơn, TS. (hướng dẫn.)
Formato: Tesis
Lenguaje:Vietnamese
Publicado: Đà Lạt : Trường Đại học Đà lạt, 2012.
Materias:
Etiquetas: Agregar Etiqueta
Sin Etiquetas, Sea el primero en etiquetar este registro!
Thư viện lưu trữ: Thư viện Trường Đại học Đà Lạt
LEADER 00972nam a2200301 4500
001 DLU130149656
005 ##20130808
040 # # |a DLU  |b vie 
041 # # |a vie 
044 # # |a vn 
082 # # |a 512.942  |b NG-P 
100 # # |a Nguyễn Thị Phượng. 
245 # # |a Định vị không điểm của các đa thức phức :  |b Luận văn Thạc sĩ Toán học /  |c Nguyễn Thị Phượng; Đỗ Nguyên Sơn hướng dẫn. 
260 # # |a Đà Lạt :  |b Trường Đại học Đà lạt,  |c 2012. 
300 # # |a 50 tr. ;  |c 29 cm. 
504 # # |a Tài liệu tham khảo: tr.49. 
650 # # |a Đa thức. 
700 # # |a Đỗ Nguyên Sơn,  |c TS.  |e hướng dẫn. 
915 # # |a Toán giải tích  |c Thạc sĩ  |d Trường Đại học Đà lạt  |e Bộ Giáo dục và Đào tạo. 
992 # # |a 0 
994 # # |a DLU 
900 # # |a True 
911 # # |a Đào Thị Thu Huyền 
925 # # |a G 
926 # # |a A 
927 # # |a LA 
980 # # |a Thư viện Trường Đại học Đà Lạt